ბათუმის შოთა რუსთაველის სახელმწიფო უნივერსიტეტის ბიბლიოთეკა

ადამიანის და ხერხემლიან ცხოველების ემბრიოლოგიის მოკლე სახელმძღვანელო / (ბიბ.ჩანაწერი № 62633)

000 -ლიდერი
ფიქსირებული სიგრძის საკონტროლო ველი 00979nam a22001817a 4500
003 - საკონტროლო ნომრის იდენტიფიკატორი
საკონტროლო ველი Ge_BSU
005 - ბოლო ოპერაციის თარიღი და დრო
საკონტროლო ველი 20241224144349.0
008 - ფიქსირებული სიგრძის მონაცემთა ელემენტები - ზოგადი ინფორმაცია
ფიქსირებული სიგრძის საკონტროლო ველი 241224s1941 ge ||||| |||| 00| 0 geo d
041 ## - ენის კოდი
Language code of text/sound track or separate title geo
080 ## - უნივერსალური ათობითი კლასიფიკაციის ინდექსი
Universal Decimal Classification number 611.013(075.3) : 597/599 ზ-15
100 ## - მთავარი ჩანაწერი - პიროვნების სახელი
Personal name ზავარზინი, ა.
9 (RLIN) 24025
245 ## - ცნობა სათაურის შესახებ
Title ადამიანის და ხერხემლიან ცხოველების ემბრიოლოგიის მოკლე სახელმძღვანელო /
Statement of responsibility, etc ა. ზავარზინი; რედ. ა. ლეჟავა.
264 ## - წარმოების, გამოცემის, დისტრიბუციის და სხვა ცნობები
გამოცემის, წარმოების, დისტრიბუციის... ადგილი თბ. :
გამოცემის, წარმოების, დისტრიბუციის... სახელწოდება სტალინის სახელობის სახ. უნ-ტის გამ-ბა,
გამოცემის, წარმოების, დისტრიბუციის... თარიღი 1941.
300 ## - ფიზიკური აღწერა
Extent 264 გვ.;
Other physical details ილ.;
Dimensions 22 სმ.
653 ## - INDEX TERM--UNCONTROLLED
Uncontrolled term ადამიანის ემბრიოლოგია
653 ## - INDEX TERM--UNCONTROLLED
Uncontrolled term ხერხემლიანი ცხოველების ემბრიოლოგია
942 ## - ADDED ENTRY ELEMENTS (KOHA)
Source of classification or shelving scheme
Koha item type წიგნი
ეგზემპლარები
ჩამოწერის სტატუსი დაკარგული ეგზემპლარის სტატუსი კლასიფიკაციის წყარო ან თაროზე გაწყობის სქემა დაზიანების სტატუსი არ გაიცემა მუდმივი მდებარეობა (დაცვის ადგილი) ამჟამინდელი ადგილსამყოფელი თაროზე განთავსების ადგილი შეძენის თარიღი ღირებულება, შესყიდვის ნორმალური ფასი სრული შენახვის შიფრი შტრიხკოდი ბოლო ოპერაციის თარიღი ეგზემპლარის მიმდევრობითი ნომერი (კეტერი?) ფასის ძალაში შესვლის თარიღი ეგზემპლარის სახეობა საჯარო შენიშვნა
          ბათუმის შოთა რუსთაველის სახელმწიფო უნივერსიტეტის მთავარი ბიბლიოთეკა ბათუმის შოთა რუსთაველის სახელმწიფო უნივერსიტეტის მთავარი ბიბლიოთეკა წიგნსაცავი 2024-12-24 0.00 611.013(075.3) : 597/599 ზ-15 70093 2024-12-24 70093 2024-12-24 წიგნი 0,36 თ.